[Event "Summer TNM"]
[Site "San Francisco"]
[Date "2005.07.19"]
[Round "6"]
[White "Salvo, Tab"]
[Black "Purcell, Brendan"]
[Result "1-0"]
[WhiteElo "1650"]
[BlackElo "1810"]
[PlyCount "49"]
[EventDate "2005.06.14"]
[EventType "swiss"]
[EventRounds "8"]
[EventCountry "USA"]

1. Nf3 d5 2. c4 c6 3. b3 Nf6 4. g3 g6 5. Bb2 Bg7 6. Bg2 O-O 7. O-O b6 8. d3 Bb7
9. Nbd2 Nbd7 10. Re1 e6 11. e4 dxe4 12. dxe4 Nc5 13. Qc2 Nd3 14. e5 Nxe1 15.
Rxe1 Nd7 16. Ne4 Qc7 17. Nd6 Bxe5 18. Nxe5 Nxe5 19. Nxb7 f6 20. f4 Nf7 21. Rxe6
Qxb7 22. Bxc6 Qc8 23. Rxf6 Qg4 24. Qc3 Rad8 25. Bf3 1-0

[Event "Summer TNM"]
[Site "San Francisco"]
[Date "2005.07.19"]
[Round "6"]
[White "Sanguinetti, George"]
[Black "Robbins, Chuck"]
[Result "1-0"]
[WhiteElo "1958"]
[BlackElo "1574"]
[PlyCount "65"]
[EventDate "2005.06.14"]
[EventType "swiss"]
[EventRounds "8"]
[EventCountry "USA"]

1. e4 e6 2. d4 d5 3. Nc3 Bb4 4. e5 c5 5. Qg4 Ne7 6. Nf3 Nbc6 7. Bb5 O-O 8. Bxc6
bxc6 9. O-O cxd4 10. a3 Bxc3 11. bxc3 dxc3 12. Bg5 Qc7 13. h4 Kh8 14. Rfe1 c5
15. Rab1 Bb7 16. h5 h6 17. Bf4 Nf5 18. Qh3 Rab8 19. g4 Nd4 20. Nh4 Nxc2 21. g5
Nxe1 22. gxh6 Rg8 23. Ng6+ fxg6 24. hxg6 Nf3+ 25. Kg2 Nxe5 26. hxg7+ Kxg7 27.
Qh7+ Kf6 28. Qxc7 Rxg6+ 29. Bg3 Nf7 30. Qxb8 Bc6 31. Qc7 c2 32. Rc1 Ba4 33.
Qf4+ 1-0

[Event "Summer TNM"]
[Site "San Francisco"]
[Date "2005.07.19"]
[Round "6"]
[White "Starr, Albert"]
[Black "Braden, Brian"]
[Result "1-0"]
[WhiteElo "1294"]
[BlackElo "1057"]
[PlyCount "93"]
[EventDate "2005.06.14"]
[EventType "swiss"]
[EventRounds "8"]
[EventCountry "USA"]

1. b4 d5 2. e3 Nf6 3. Bb2 e6 4. b5 c6 5. a4 a6 6. Nf3 Nbd7 7. Be2 Bd6 8. O-O
O-O 9. c4 Qc7 10. g3 Ne5 11. d3 Nxf3+ 12. Bxf3 Bd7 13. Nc3 Be7 14. Re1 h6 15.
Bg2 Bb4 16. Qb3 Be7 17. b6 Qd8 18. a5 Qc8 19. f4 Re8 20. Ne2 Qb8 21. e4 dxe4
22. dxe4 Nh7 23. Rad1 Qc8 24. Qc3 e5 25. fxe5 f6 26. c5 fxe5 27. Rf1 Bf6 28.
Kh1 Bh3 29. Ng1 Bxg2+ 30. Kxg2 Ng5 31. h4 Ne6 32. Nf3 Rd8 33. Nxe5 Rxd1 34.
Rxd1 Qb8 35. Qb3 Qe8 36. Rd6 Rd8 37. Qxe6+ Qxe6 38. Rxe6 Rd2+ 39. Kf3 Rxb2 40.
Re8+ Kh7 41. Nd7 Rb3+ 42. Kf4 Kg6 43. Nxf6 Kxf6 44. g4 Kg6 45. Ke5 Rf3 46. Re6+
Kh7 47. Kd6 {B time expired} 1-0

[Event "Summer TNM"]
[Site "San Francisco"]
[Date "2005.07.19"]
[Round "6"]
[White "Wilkerson, Max"]
[Black "Litowsky, Dan"]
[Result "1-0"]
[WhiteElo "1907"]
[BlackElo "1712"]
[PlyCount "63"]
[EventDate "2005.06.14"]
[EventType "swiss"]
[EventRounds "8"]
[EventCountry "USA"]

1. d4 d5 2. Nf3 Nf6 3. c4 c6 4. Nc3 e6 5. e3 Bd6 6. Bd3 Nbd7 7. O-O O-O 8. Qc2
h6 9. Bd2 Re8 10. Rad1 dxc4 11. Bxc4 Nb6 12. Bb3 Qc7 13. Ne4 Nxe4 14. Qxe4 Nd7
15. Qd3 Nf8 16. e4 Rd8 17. Qe3 Ng6 18. e5 Be7 19. Bc2 Nf8 20. Qe4 b6 21. Rfe1
Bb7 22. Qg4 Kh8 23. Qh5 Kg8 24. Bxh6 gxh6 25. Re4 Ng6 26. Rg4 Kf8 27. Bxg6 fxg6
28. Qxg6 Bg5 29. Nxg5 hxg5 30. Rxg5 Qf7 31. Qh6+ Ke8 32. Rg7 1-0

[Event "Summer TNM"]
[Site "San Francisco"]
[Date "2005.07.19"]
[Round "6"]
[White "Wood, Jared"]
[Black "Kastor, Mark"]
[Result "1/2-1/2"]
[WhiteElo "1800"]
[BlackElo "1656"]
[PlyCount "85"]
[EventDate "2005.06.14"]
[EventType "swiss"]
[EventRounds "8"]
[EventCountry "USA"]

1. e4 c5 2. c3 d6 3. d4 cxd4 4. cxd4 a6 5. Nc3 Nf6 6. Be3 e6 7. g4 Be7 8. g5
Nfd7 9. Qd2 b5 10. d5 e5 11. Nce2 O-O 12. Ng3 Nb6 13. h4 Nc4 14. Bxc4 bxc4 15.
Rc1 f5 16. gxf6 Bxf6 17. Bg5 Nd7 18. Rxc4 a5 19. Nh5 Bxg5 20. hxg5 Nc5 21. f3
Ba6 22. Rc3 Nxe4 23. Qh2 Nxg5 24. Qg2 g6 25. Nh3 Nxh3 26. Rxh3 Rc8 27. Ng3 Rxc3
28. bxc3 Qg5 29. Kd1 Bc4 30. Qh2 Rf7 31. Ne4 Qe3 32. Nxd6 Qd3+ 33. Ke1 Qb1+ 34.
Kd2 Qd3+ 35. Ke1 Qxc3+ 36. Kf2 Qd2+ 37. Kg3 Qf4+ 38. Kg2 Qxh2+ 39. Kxh2 Rc7 40.
Ne8 Rb7 41. Kg3 Rb8 42. Nf6+ Kg7 43. Nd7 1/2-1/2

[Event "Summer TNM"]
[Site "San Francisco"]
[Date "2005.07.26"]
[Round "7"]
[White "Adkins, Rico"]
[Black "Robbins, Chuck"]
[Result "1-0"]
[WhiteElo "1709"]
[BlackElo "1574"]
[PlyCount "89"]
[EventDate "2005.06.14"]
[EventType "swiss"]
[EventRounds "8"]
[EventCountry "USA"]

1. Nf3 d5 2. c4 Nf6 3. cxd5 Nxd5 4. e4 Nb6 5. d4 Bg4 6. Be2 e6 7. O-O N8d7 8.
Nc3 c5 9. d5 exd5 10. Nxd5 Nxd5 11. Qxd5 Qc7 12. Bf4 Qxf4 13. Qxb7 Qb8 14. Qc6
Qc8 15. Qa4 Be7 16. e5 O-O 17. Qxg4 Rb8 18. b3 Rb4 19. Bc4 Qc7 20. e6 Nf6 21.
exf7+ Kh8 22. Qh3 Rb6 23. Rfe1 Bd6 24. Ng5 Be5 25. Rad1 Rd6 26. Rxd6 Qxd6 27.
g3 g6 28. Qf1 h6 29. Qh3 h5 30. Ne6 Rxf7 31. Ng5 Rf8 32. Nf7+ Rxf7 33. Bxf7 Ng4
34. Qg2 Bd4 35. Qa8+ Kg7 36. Qg8+ Kh6 37. Rf1 Qf6 38. Qf8+ Kg5 39. h4+ Kf5 40.
Qc8+ Ke4 41. Qe8+ Ne5 42. Re1+ Kf3 43. Bd5+ Kg4 44. Qc8+ Qf5 45. Re4+ 1-0

[Event "Summer TNM"]
[Site "San Francisco"]
[Date "2005.07.26"]
[Round "7"]
[White "Dupree, Charles"]
[Black "Bacelar, Erickson"]
[Result "0-1"]
[WhiteElo "1896"]
[BlackElo "1704"]
[PlyCount "76"]
[EventDate "2005.06.14"]
[EventType "swiss"]
[EventRounds "8"]
[EventCountry "USA"]

1. e4 e6 2. f4 d5 3. e5 c5 4. Nf3 Nc6 5. c3 Qb6 6. Na3 Bd7 7. Be2 Nge7 8. d3
Nf5 9. Qc2 h5 10. Bd2 a6 11. Qb1 Be7 12. Bd1 Na7 13. Nc2 h4 14. Be3 Ba4 15. b3
Bc6 16. a4 Qd8 17. Bf2 h3 18. g3 d4 19. c4 g5 20. Rg1 Qa5+ 21. Kf1 gxf4 22.
gxf4 Kd7 23. Nce1 Rag8 24. Qc1 Qd8 25. Nd2 Rxg1+ 26. Bxg1 Bg2+ 27. Nxg2 hxg2+
28. Kxg2 Qg8+ 29. Kf1 Nh4 30. Bf3 Nxf3 31. Nxf3 Rh3 32. Qd1 Qg4 33. Kf2 Qxf4
34. Ra2 Bh4+ 35. Kg2 Qg4+ 36. Kh1 Qxf3+ 37. Qxf3 Rxf3 38. Rd2 Nc6 0-1

[Event "Summer TNM"]
[Site "San Francisco"]
[Date "2005.07.26"]
[Round "7"]
[White "Goodall, Mike"]
[Black "Oca, Homer"]
[Result "1-0"]
[WhiteElo "1800"]
[BlackElo "1671"]
[PlyCount "83"]
[EventDate "2005.06.14"]
[EventType "swiss"]
[EventRounds "8"]
[EventCountry "USA"]

1. e4 h6 2. d4 a6 3. c4 d6 4. Nc3 e6 5. Nf3 Nc6 6. d5 Nce7 7. Be2 exd5 8. cxd5
b5 9. O-O Bb7 10. Nd4 Nf6 11. Bf3 g5 12. Re1 Bg7 13. a3 O-O 14. g3 c5 15. dxc6
Nxc6 16. Nf5 Ne5 17. Bg2 Re8 18. Nxd6 Re7 19. Nxb7 Rxb7 20. Qe2 Rd7 21. h3 Rc8
22. f4 gxf4 23. gxf4 Nd3 24. Rd1 Nxc1 25. Raxc1 Qb6+ 26. Kh1 Rdc7 27. e5 Ne8
28. Nd5 Qa7 29. Nxc7 Rxc7 30. Bc6 Re7 31. Rd8 Kf8 32. Qd2 f5 33. Qc2 Qe3 34.
Qxf5+ Kg8 35. Rcd1 Bf8 36. Rg1+ Rg7 37. Rxg7+ Kxg7 38. Rxe8 Qc1+ 39. Kh2 Qxb2+
40. Bg2 Qxa3 41. Qf6+ Kg8 42. Qg6+ 1-0

[Event "Summer TNM"]
[Site "San Francisco"]
[Date "2005.07.26"]
[Round "7"]
[White "Grey, Peter"]
[Black "Luke, Gary"]
[Result "1-0"]
[WhiteElo "2035"]
[BlackElo "1815"]
[PlyCount "41"]
[EventDate "2005.06.14"]
[EventType "swiss"]
[EventRounds "8"]
[EventCountry "USA"]

1. e4 c5 2. Nf3 Nc6 3. d4 cxd4 4. Nxd4 e5 5. Nb5 a6 6. Nd6+ Bxd6 7. Qxd6 Qf6 8.
Qd1 Nge7 9. Nc3 O-O 10. h4 h6 11. g4 Nd4 12. Bg2 g5 13. hxg5 hxg5 14. Rh5 Ne6
15. Qd6 Kg7 16. Nd5 Nxd5 17. exd5 Nf4 18. Rh7+ Kxh7 19. Qxf6 Nxg2+ 20. Kf1 Nf4
21. Bxf4 1-0

[Event "Summer TNM"]
[Site "San Francisco"]
[Date "2005.07.26"]
[Round "7"]
[White "Salvo, Tab"]
[Black "Wilkerson, Max"]
[Result "1/2-1/2"]
[WhiteElo "1650"]
[BlackElo "1907"]
[PlyCount "55"]
[EventDate "2005.06.14"]
[EventType "swiss"]
[EventRounds "8"]
[EventCountry "USA"]

1. Nf3 Nf6 2. g3 g6 3. c4 Bg7 4. Bg2 O-O 5. Nc3 c5 6. O-O Nc6 7. a3 d6 8. d3
Bg4 9. h3 Bd7 10. Rb1 a6 11. e4 Rb8 12. Be3 Qc8 13. Kh2 Re8 14. Qd2 Nd4 15.
Nxd4 cxd4 16. Bxd4 Ng4+ 17. hxg4 Bxd4 18. Ne2 Bg7 19. f3 e6 20. b4 Qd8 21. g5
f6 22. gxf6 Bxf6 23. Rh1 e5 24. f4 Bg4 25. Rbg1 Qd7 26. Nc3 Qg7 27. Rf1 Qh6+
28. Kg1 {remainder illegible} 1/2-1/2

[Event "Summer TNM"]
[Site "San Francisco"]
[Date "2005.08.02"]
[Round "8"]
[White "Nochomovitz, Yigal"]
[Black "Chen, Mingson"]
[Result "1-0"]
[WhiteElo "1733"]
[BlackElo "1952"]
[PlyCount "34"]
[EventDate "2005.06.14"]
[EventType "swiss"]
[EventRounds "8"]
[EventCountry "USA"]

1. f4 g6 2. Nf3 Bg7 3. d3 Nc6 4. e4 d6 5. Be2 e5 6. c3 Nge7 7. O-O O-O 8. Qe1
f5 9. Qg3 d5 10. fxe5 fxe4 11. dxe4 dxe4 12. Bc4+ Kh8 13. Ng5 Rxf1+ 14. Bxf1
Qd1 15. Qh4 h5 16. Nf7+ Kg8 17. Nh6+ Kh7 {
remainder illegible; B won in 24 moves} 1-0

[Event "Addison Open G/45"]
[Site "San Francisco"]
[Date "2005.06.25"]
[Round "1"]
[White "Chan, John"]
[Black "Tuvshintugs, Batchimeg"]
[Result "0-1"]
[WhiteElo "1605"]
[BlackElo "2272"]
[PlyCount "38"]
[EventDate "2005.06.25"]
[EventType "swiss (rapid)"]
[EventRounds "5"]
[EventCountry "USA"]

1. c4 Nf6 2. Nc3 d5 3. cxd5 Nxd5 4. Nf3 c5 5. Qb3 Nxc3 6. bxc3 Nc6 7. e3 e6 8.
Bb5 Bd7 9. O-O Be7 10. Re1 O-O 11. Bxc6 Bxc6 12. e4 b6 13. d4 Rc8 14. Be3 Bxe4
15. dxc5 Bxf3 16. gxf3 Bxc5 17. Rad1 Qf6 18. Bxc5 Rxc5 19. Rd3 Qg6+ 0-1

[Event "Addison Open G/45"]
[Site "San Francisco"]
[Date "2005.06.25"]
[Round "1"]
[White "Luke, Gary"]
[Black "Chillakanti, Pratap"]
[Result "1/2-1/2"]
[WhiteElo "1845"]
[BlackElo "1359"]
[PlyCount "94"]
[EventDate "2005.06.25"]
[EventType "swiss (rapid)"]
[EventRounds "5"]
[EventCountry "USA"]

1. e4 c5 2. Nf3 Nc6 3. d4 cxd4 4. Nxd4 e5 5. Nb5 a6 6. N5a3 Nf6 7. Bd3 b5 8. c3
Bc5 9. O-O O-O 10. Nc2 Bb7 11. Nd2 d5 12. exd5 Qxd5 13. Be2 e4 14. c4 bxc4 15.
Nxc4 Qe6 16. Be3 Rfd8 17. Qc1 Nd4 18. Nxd4 Bxd4 19. Bxd4 Rxd4 20. Ne3 Rc8 21.
Qe1 Rcd8 22. Qa5 Qd7 23. Rad1 Qc6 24. Rxd4 Rxd4 25. Rd1 Rxd1+ 26. Bxd1 Qd6 27.
Bb3 g6 28. h3 Nh5 29. Bd5 Bxd5 30. Qxd5 Qxd5 31. Nxd5 Ng7 32. Nf6+ Kf8 33. Nxe4
Ke7 34. b4 Ne6 35. Kf1 f5 36. Nc3 Nd4 37. a4 Kd6 38. b5 axb5 39. Nxb5+ Nxb5 40.
axb5 Kc5 41. Ke2 Kxb5 42. Ke3 Kc4 43. Kf4 Kd3 44. f3 h6 45. g4 fxg4 46. fxg4
Kd4 47. h4 Kd5 1/2-1/2

[Event "Addison Open G/45"]
[Site "San Francisco"]
[Date "2005.06.25"]
[Round "1"]
[White "Pearson, Michael"]
[Black "Tsai, Chris"]
[Result "1-0"]
[WhiteElo "2202"]
[BlackElo "1587"]
[PlyCount "123"]
[EventDate "2005.06.25"]
[EventType "swiss (rapid)"]
[EventRounds "5"]
[EventCountry "USA"]

1. e4 c5 2. Nf3 Nc6 3. Bb5 d6 4. O-O Bd7 5. d4 cxd4 6. Nxd4 e5 7. Ne2 a6 8. Ba4
b5 9. Bb3 Nf6 10. Nbc3 b4 11. Nd5 Nxe4 12. f4 a5 13. Be3 Be7 14. Bb6 Qb8 15.
Nc7+ Kd8 16. Nxa8+ Kc8 17. Qd3 Bf5 18. fxe5 Nxe5 19. Qa6+ Qb7 20. Qxb7+ Kxb7
21. Rxf5 Rxa8 22. Rxe5 dxe5 23. Bd5+ Kxb6 24. Bxa8 Bc5+ 25. Kf1 Nd2+ 26. Ke1
Nc4 27. a3 bxa3 28. bxa3 Nxa3 29. Kd2 Bb4+ 30. c3 Bc5 31. Bd5 Be3+ 32. Kxe3
Nc2+ 33. Kd2 Nxa1 34. Kc1 f5 35. Kb2 Kc5 36. Bg8 h5 37. Kxa1 g5 38. Ng3 f4 39.
Nxh5 e4 40. Kb2 f3 41. gxf3 exf3 42. Ng3 f2 43. Kc2 Kd6 44. Kd2 Ke7 45. Ke3
f1=N+ 46. Nxf1 Kf8 47. Bb3 g4 48. Kf4 g3 49. Nxg3 a4 50. Bxa4 Ke7 51. h4 Kf8
52. h5 Kg8 53. h6 Kh8 54. Bb3 Kh7 55. Kg5 Kh8 56. c4 Kg8 57. c5+ Kh7 58. c6 Kh8
59. c7 Kh7 60. Nh5 Kh8 61. c8=Q+ Kh7 62. Nf6# 1-0

[Event "Addison Open G/45"]
[Site "San Francisco"]
[Date "2005.06.25"]
[Round "1"]
[White "Shankland, Sam"]
[Black "Celis, Christian"]
[Result "1-0"]
[WhiteElo "1959"]
[BlackElo "1512"]
[PlyCount "83"]
[EventDate "2005.06.25"]
[EventType "swiss (rapid)"]
[EventRounds "5"]
[EventCountry "USA"]

1. e4 d6 2. d4 Nf6 3. Bd3 g6 4. f4 Bg7 5. Nf3 O-O 6. O-O c6 7. c3 Qc7 8. Nbd2
Nbd7 9. e5 Ne8 10. Ne4 a6 11. Qe1 d5 12. Neg5 h6 13. Nxf7 Rxf7 14. e6 Rf6 15.
exd7 Qxd7 16. Ne5 Qd6 17. Qg3 Bf5 18. Bxf5 gxf5 19. a4 e6 20. b3 Qe7 21. Ba3
Qc7 22. Rfe1 Nd6 23. Bxd6 Qxd6 24. Nd3 Kh7 25. a5 Rg8 26. Nc5 Rg6 27. Qxg6+
Kxg6 28. Rxe6+ Qxe6 29. Nxe6 Re8 30. Nxg7 Kxg7 31. Kf2 Re4 32. g3 h5 33. Ra4
Kf6 34. Rb4 Re7 35. c4 Rd7 36. cxd5 Rxd5 37. Rxb7 Rxa5 38. Rb6 Ra2+ 39. Kf3
Rxh2 40. Rxc6+ Ke7 41. Rxa6 Rh3 42. Kg2 1-0

[Event "Addison Open G/45"]
[Site "San Francisco"]
[Date "2005.06.25"]
[Round "1"]
[White "Starr, Albert"]
[Black "Krubnik, Ewelina"]
[Result "0-1"]
[WhiteElo "1294"]
[BlackElo "1754"]
[PlyCount "27"]
[EventDate "2005.06.25"]
[EventType "swiss (rapid)"]
[EventRounds "5"]
[EventCountry "USA"]

1. b4 d5 2. e3 e5 3. b5 Bd6 4. Bb2 Ne7 5. Nf3 f6 6. Be2 O-O 7. O-O Be6 8. d3 c6
9. a4 Qc7 10. Nbd2 Nd7 11. Qc1 b6 12. Nb3 c5 13. a5 Qb7 14. Nbd2 {
remainder illegible} 0-1

[Event "Addison Open G/45"]
[Site "San Francisco"]
[Date "2005.06.25"]
[Round "1"]
[White "Tserendorj, Batsaikhan"]
[Black "Parker, Harold"]
[Result "1-0"]
[WhiteElo "2136"]
[BlackElo "1569"]
[PlyCount "84"]
[EventDate "2005.06.25"]
[EventType "swiss (rapid)"]
[EventRounds "5"]
[EventCountry "USA"]

1. e4 e5 2. Nf3 Nc6 3. Bb5 a6 4. Ba4 Nf6 5. O-O Be7 6. Re1 b5 7. Bb3 O-O 8. c3
d5 9. exd5 Nxd5 10. Nxe5 Nxe5 11. Rxe5 c6 12. Bxd5 cxd5 13. d4 Bd6 14. Re1 Qh4
15. g3 Qh3 16. Qf3 Bg4 17. Qxd5 Rad8 18. Qg2 Qh5 19. Be3 Bf3 20. Qf1 f5 21. Nd2
f4 22. Nxf3 Qxf3 23. Bd2 fxg3 24. fxg3 Qg4 25. Qg2 h5 26. Qe2 Qh3 27. Qe6+ Qxe6
28. Rxe6 Rf3 29. Bg5 Rd7 30. Rd1 Bxg3 31. Kg2 Rf5 32. hxg3 Rxg5 33. Rh1 a5 34.
Rh4 Rf7 35. Re2 g6 36. Rhe4 Kg7 37. b3 Rgf5 38. c4 bxc4 39. bxc4 Rf3 40. R4e3
Rf1 41. d5 Rc1 42. Re4 Rc7 1-0

[Event "Addison Open G/45"]
[Site "San Francisco"]
[Date "2005.06.25"]
[Round "2"]
[White "Krubnik, Ewelina"]
[Black "Pearson, Michael"]
[Result "0-1"]
[WhiteElo "1754"]
[BlackElo "2202"]
[PlyCount "50"]
[EventDate "2005.06.25"]
[EventType "swiss (rapid)"]
[EventRounds "5"]
[EventCountry "USA"]

1. d4 Nf6 2. c4 g6 3. Nc3 Bg7 4. e4 d6 5. Bd3 O-O 6. Nge2 Nc6 7. O-O e5 8. d5
Ne7 9. f3 Nd7 10. Be3 f5 11. b4 f4 12. Bf2 b6 13. Na4 g5 14. c5 Ng6 15. Nec3
Rf7 16. Rc1 Bf8 17. a3 Rg7 18. cxd6 cxd6 19. Nb5 Nf6 20. Nc7 Rxc7 21. Rxc7 Qxc7
22. h3 h5 23. Qd2 g4 24. fxg4 hxg4 25. hxg4 Qh7 0-1

[Event "Addison Open G/45"]
[Site "San Francisco"]
[Date "2005.06.25"]
[Round "2"]
[White "Liou, Arthur"]
[Black "Chan, John"]
[Result "0-1"]
[WhiteElo "1312"]
[BlackElo "1605"]
[PlyCount "114"]
[EventDate "2005.06.25"]
[EventType "swiss (rapid)"]
[EventRounds "5"]
[EventCountry "USA"]

1. e4 c5 2. f4 d6 3. Nf3 a6 4. c3 Nf6 5. e5 dxe5 6. fxe5 Nd5 7. d4 e6 8. Bc4
Nb6 9. Be2 Nc6 10. O-O Be7 11. Be3 Nd5 12. Bf2 O-O 13. dxc5 Nf4 14. Bc4 Na5 15.
Bb3 Nxb3 16. Qxb3 Qc7 17. Qb6 Qd7 18. Nd4 Nd5 19. Qa5 Bd8 20. Qa3 Bc7 21. Nf3
Nf4 22. b4 Qc6 23. Nbd2 Nd3 24. Bd4 Rd8 25. Nc4 Nf4 26. Qb2 Qe4 27. Rae1 Qd5
28. Nd6 Bxd6 29. cxd6 Nd3 30. Qd2 Nxe1 31. Rxe1 b5 32. Qg5 Bb7 33. Nh4 Qxa2 34.
Nf5 exf5 35. e6 g6 36. exf7+ Qxf7 37. Re7 Rf8 38. Rxf7 Rxf7 39. Qe3 Be4 40. Qf4
Re8 41. Qc1 f4 42. Qa3 f3 43. gxf3 Bxf3 44. Qxa6 Re1+ 45. Kf2 Bb7+ 46. Kxe1
Bxa6 47. Bb6 Rd7 48. Bc7 Kf7 49. Kf2 Ke6 50. Ke3 Ke5 51. Kd3 Kd5 52. Ke3 Bb7
53. Kd3 Bc6 54. Ke3 Rf7 55. Kd3 Rf3+ 56. Ke2 Rxc3 57. Kd2 Ra3 {
B won in about 15 more moves} 0-1

[Event "Addison Open G/45"]
[Site "San Francisco"]
[Date "2005.06.25"]
[Round "2"]
[White "Odondoo, IM Ganbold"]
[Black "Chillakanti, Pratap"]
[Result "1-0"]
[WhiteElo "2425"]
[BlackElo "1359"]
[PlyCount "43"]
[EventDate "2005.06.25"]
[EventType "swiss (rapid)"]
[EventRounds "5"]
[EventCountry "USA"]

1. e4 e5 2. Nc3 Nf6 3. f4 d6 4. Bc4 Be7 5. Nf3 b6 6. fxe5 Ng4 7. exd6 Bxd6 8.
O-O O-O 9. d4 Ba6 10. Bxa6 Nxa6 11. h3 Nh6 12. Bxh6 gxh6 13. Qd2 Kg7 14. e5 Be7
15. Ne4 f5 16. exf6+ Bxf6 17. Nxf6 Rxf6 18. Ne5 Qd6 19. Rxf6 Qxf6 20. Rf1 Qg5
21. Rf7+ Kh8 22. Qd3 1-0

[Event "Addison Open G/45"]
[Site "San Francisco"]
[Date "2005.06.25"]
[Round "2"]
[White "Saguid, Vincent"]
[Black "Luke, Gary"]
[Result "0-1"]
[WhiteElo "1554"]
[BlackElo "1845"]
[PlyCount "53"]
[EventDate "2005.06.25"]
[EventType "swiss (rapid)"]
[EventRounds "5"]
[EventCountry "USA"]

1. e4 d6 2. d4 Nf6 3. Nc3 g6 4. Be2 Bg7 5. Be3 O-O 6. h3 Nbd7 7. Qd2 Re8 8. Nf3
a6 9. O-O b5 10. a3 Bb7 11. Bd3 Rc8 12. Rad1 c5 13. d5 Nb6 14. Be2 Nfd7 15. Bh6
Bh8 16. Ng5 Ne5 17. f4 Nec4 18. Qe1 Nxb2 19. Qh4 Nxd1 20. Nxd1 Nd7 21. Bg4 e6
22. dxe6 fxe6 23. f5 Bxe4 24. fxe6 Ne5 25. Bf8 h5 26. e7 Qa5 27. Be6+ 0-1

[Event "Addison Open G/45"]
[Site "San Francisco"]
[Date "2005.06.25"]
[Round "2"]
[White "Tsai, Chris"]
[Black "Starr, Albert"]
[Result "1/2-1/2"]
[WhiteElo "1587"]
[BlackElo "1294"]
[PlyCount "91"]
[EventDate "2005.06.25"]
[EventType "swiss (rapid)"]
[EventRounds "5"]
[EventCountry "USA"]

1. d4 Nf6 2. Nf3 g6 3. Bg5 Bg7 4. e3 O-O 5. Nbd2 d6 6. c3 c5 7. Bd3 b6 8. Bxf6
Bxf6 9. Be4 d5 10. Bd3 Nd7 11. h4 c4 12. Bc2 e5 13. dxe5 Nxe5 14. Nxe5 Bxe5 15.
h5 g5 16. Nf3 Bg4 17. Bxh7+ Kxh7 18. Qc2+ f5 19. Nxe5 Kg7 20. Nxg4 fxg4 21.
Qg6+ Kh8 22. O-O-O Qf6 23. Qxf6+ Rxf6 24. Rxd5 Rxf2 25. Rg1 Rg8 26. e4 Re2 27.
Rd4 b5 28. g3 Re8 29. Rd5 a6 30. Rxg5 R8xe4 31. Rd1 Kh7 32. Rg6 Re1 33. Rxa6
Rxd1+ 34. Kxd1 Re3 35. Ra7+ Kh6 36. Rb7 Kxh5 37. Rxb5+ Kg6 38. a4 Rxg3 39. Rb6+
Kf5 40. a5 Rd3+ 41. Ke2 g3 42. Rb8 Kg4 43. Rg8+ Kh3 44. a6 Rd7 45. Rh8+ Kg2 46.
Rg8 1/2-1/2

[Event "Addison Open G/45"]
[Site "San Francisco"]
[Date "2005.06.25"]
[Round "3"]
[White "Belanoff, Ted"]
[Black "Luke, Gary"]
[Result "0-1"]
[WhiteElo "1626"]
[BlackElo "1845"]
[PlyCount "60"]
[EventDate "2005.06.25"]
[EventType "swiss (rapid)"]
[EventRounds "5"]
[EventCountry "USA"]

1. e4 c5 2. Nc3 e6 3. Bc4 Nc6 4. Nf3 Na5 5. Bb3 a6 6. a3 Nxb3 7. cxb3 b5 8. d4
b4 9. axb4 cxb4 10. Ne2 Nf6 11. Qd3 Bb7 12. Ng3 Be7 13. O-O O-O 14. Bg5 a5 15.
Nd2 Ba6 16. Nc4 d5 17. exd5 exd5 18. Ra2 Rc8 19. Rfa1 dxc4 20. Qd1 cxb3 21.
Rxa5 Bb7 22. Ra7 Qd5 23. f3 Rc7 24. Bf4 Rd7 25. Be5 Bc5 26. Bxf6 Bxa7 27. Rxa7
gxf6 28. Ne4 Qf5 29. Nc5 Qxc5 30. Rxb7 Rxd4 0-1

[Event "Addison Open G/45"]
[Site "San Francisco"]
[Date "2005.06.25"]
[Round "3"]
[White "Chillakanti, Mukund"]
[Black "Starr, Albert"]
[Result "0-1"]
[WhiteElo "1372"]
[BlackElo "1294"]
[PlyCount "63"]
[EventDate "2005.06.25"]
[EventType "swiss (rapid)"]
[EventRounds "5"]
[EventCountry "USA"]

1. e4 d6 2. d4 Nf6 3. Nc3 g6 4. Bd3 Bg7 5. Nge2 O-O 6. h3 c5 7. dxc5 dxc5 8. b3
a6 9. Bb2 b5 10. a3 Nc6 11. O-O Ne5 12. Nf4 Nxd3 13. Qxd3 Qxd3 14. cxd3 Bb7 15.
Rfe1 e6 16. Rad1 Rfc8 17. e5 Nd7 18. Ne4 Bf8 19. Nd6 Bxd6 20. exd6 Rc6 21. Re3
Rxd6 22. Rde1 Bd5 23. Nxd5 Rxd5 24. h4 Rc8 25. f4 c4 26. dxc4 bxc4 27. bxc4
Rxc4 28. g3 Rc2 29. Ba1 Rdd2 30. f5 gxf5 31. g4 Rg2+ 32. Kh1 0-1

[Event "Addison Open G/45"]
[Site "San Francisco"]
[Date "2005.06.25"]
[Round "3"]
[White "Krubnik, Ewelina"]
[Black "Zhu, Kevin"]
[Result "1-0"]
[WhiteElo "1754"]
[BlackElo "1391"]
[PlyCount "61"]
[EventDate "2005.06.25"]
[EventType "swiss (rapid)"]
[EventRounds "5"]
[EventCountry "USA"]

1. d4 Nf6 2. c4 g6 3. Nc3 Bg7 4. e4 d6 5. Nf3 O-O 6. Be2 c5 7. O-O cxd4 8. Nxd4
Bd7 9. Be3 Nc6 10. f3 h6 11. Qd2 Re8 12. Rfd1 Rc8 13. Rac1 Ne5 14. b3 Bc6 15.
Nxc6 Nxc6 16. Nd5 Nd7 17. Kh1 h5 18. Re1 Nde5 19. f4 Ng4 20. Bxg4 hxg4 21. f5
gxf5 22. exf5 Ne5 23. Bg5 f6 24. Be3 Kf7 25. Nf4 Rh8 26. Qd5+ Ke8 27. Ne6 Qd7
28. Nxg7+ Kf8 29. Ne6+ Ke8 30. Bf4 Rc5 31. Nxc5 1-0

[Event "Addison Open G/45"]
[Site "San Francisco"]
[Date "2005.06.25"]
[Round "3"]
[White "Parker, Harold"]
[Black "Behl, Varun"]
[Result "0-1"]
[WhiteElo "1569"]
[BlackElo "1807"]
[PlyCount "33"]
[EventDate "2005.06.25"]
[EventType "swiss (rapid)"]
[EventRounds "5"]
[EventCountry "USA"]

1. e4 e6 2. d4 d5 3. Nd2 Nf6 4. e5 Nfd7 5. Bd3 c5 6. c3 Nc6 7. Ne2 g6 8. O-O b6
9. f4 Bb7 10. Nf3 Bg7 11. Be3 Qc7 12. a4 O-O-O 13. Qd2 c4 14. Bc2 Kb8 15. b4
cxb3 16. Bxb3 Na5 17. Qd1 {remainder illegible} 0-1

[Event "Addison Open G/45"]
[Site "San Francisco"]
[Date "2005.06.25"]
[Round "3"]
[White "Saguid, Vincent"]
[Black "Sathe, Rohan"]
[Result "1/2-1/2"]
[WhiteElo "1554"]
[BlackElo "1613"]
[PlyCount "79"]
[EventDate "2005.06.25"]
[EventType "swiss (rapid)"]
[EventRounds "5"]
[EventCountry "USA"]

1. Nf3 d5 2. g3 Nf6 3. Bg2 g6 4. O-O Bg7 5. d3 O-O 6. Nbd2 a5 7. Re1 Bg4 8. h3
Bxf3 9. Nxf3 Nc6 10. Bg5 h6 11. Bd2 Nd7 12. Qc1 Kh7 13. Nh2 Nb6 14. Rb1 e5 15.
e4 d4 16. Ng4 g5 17. Nh2 Qd7 18. Qd1 f5 19. exf5 Rxf5 20. Be4 Kh8 21. Bxf5 Qxf5
22. Qh5 Rf8 23. Rf1 Nd7 24. Qg4 Qf7 25. Qe2 Qe6 26. Ng4 h5 27. Nh2 Qxh3 28.
Bxg5 Nf6 29. Bxf6 Bxf6 30. f4 Qxg3+ 31. Qg2 Qe3+ 32. Kh1 Rf7 33. Rbe1 Rg7 34.
Rxe3 Rxg2 35. Kxg2 dxe3 36. fxe5 Bxe5 37. Nf3 Bxb2 38. Rb1 Bc3 39. Kf1 b6 40.
Ke2 {end of score; drawn in 53 moves} 1/2-1/2